000 00421nam a2200169Ia 4500
003 GCL
008 140319s9999 xx 000 0 eng d
040 _aGCL /
_cGCL
082 0 4 _aCH
_b813
_bG M
245 1 0 _aMESSAGES
260 _aالقاهرة :
_bORIGINALLY PUBLISHED ،
_c1994
300 _a24C M ؛
_c40 P
650 0 4 _aLITERATURE
650 0 4 _aENGLISH STORIES
650 0 4 _aAMERICAN LITERATURE
942 _2ddc
_cBK
999 _c7712
_d7712